| 000 | 01107nam0a2200349 4500 | ||
|---|---|---|---|
| 001 | RU\NLR\bibl\279873 | ||
| 005 | 20260406075233.0 | ||
| 010 |
_a5-04-088045-6 _912000 |
||
| 021 |
_aRU _b2001-62851 _93064 |
||
| 035 | _a(NLR Aleph) 000275367 | ||
| 090 |
_a1610715 _c1610715 |
||
| 100 | _a20020426d2001 |||y0rusy50 ca | ||
| 101 | 1 |
_arus _ceng |
|
| 102 | _aRU | ||
| 105 | _ay ||||||||| | ||
| 200 | 1 |
_aПервый Дон _e[Роман] _fМарио Пьюзо _g[Пер. с англ. В. Вебера] |
|
| 210 |
_aМ. _cЭКСМО-Пресс _d2001 |
||
| 215 |
_a443, [1] с. _d21 |
||
| 225 | 1 | _aPersona grata | |
| 610 | 0 | _aИталия, 15-16 вв. (х. л.) | |
| 675 |
_a821.111(73)-31Пьюзо _v3 _zrus |
||
| 686 |
_a17.82 _2rugasnti |
||
| 686 |
_a84(7Сое)-44 _2rubbk |
||
| 686 | _aШ6(7США)67-440.4{Лх1979-50} | ||
| 700 | 1 |
_4070 _7ca _8rus _aПьюзо _bМ. _f1920-1999 _gМарио _3RU\NLR\auth\7737243 _920232 |
|
| 801 | 0 |
_aRU _bRKP _c20020426 _gPSBO |
|
| 801 | 1 |
_aRU _bRKP _c20020426 |
|
| 801 | 2 |
_aRU _bNLR _c20090217 _grcr |
|
| 942 | _cBOOK | ||
| 980 | _aNB | ||